000 00443nam a2200181Ia 4500
005 20250423101647.0
008 250422s9999 xx 000 0 und d
020 _a9781292026459
050 _aQP 31.2 .M373/
100 _aMartini, Frederic
245 0 _aVisual anatomy & physiology
260 _aUnited States
260 _bPearson
260 _c2014
300 _a1134 p
650 _aAnatomy. Physiological Phenomena.
942 _cBK
999 _c36901
_d36901